000 00245 a2200109 4500
003 Nust
005 20170207154232.0
040 _cNust
082 _a371.33
245 _aUnder Cover Brothers (VHS-277)
440 _aUnder Cover Brothers (VHS-277)
538 _aDuration Mins 120
999 _c195962
_d195962